000 00752cab a2200277 4500
001 ABS44385
008 090401t1991 xxu||||| |||| 00| 0 eng d
035 _a(Sirsi) u46855
041 _aeng
100 _aCatt, R.
245 4 _aThe big freeze
260 _c1991
350 _a0
490 _aMortgage Finance
_vApril 1991, 62-63 (2)
520 _aLooks at the problems heavy snow causes for buildings .
650 _aBRE 332
650 _aBRE DIGEST 350
650 _aCLIMATIC CONDITIONS
650 _aDAMP
650 _aFROZEN PIPES
650 _aBUILT ENVIRONMENT-BUILDING ELEMENTS-COMPLETE BUILDING ELEMENTS-ROOFS
650 _aWEATHER
690 _aBUILT ENVIRONMENT-BUILDING INSPECTION
942 _n0
948 _c04/03/1997
999 _c29579
_d29579